Quizzes
Events
Quiz Creation
Community
Videos
Private Events
Remove Ads
Sign In
Join for FREE
Feedback
Dark Mode
Quiz Categories
Sports
Geography
Music
Movies
Television
Just For Fun
Miscellaneous
History
Literature
Language
Science
Gaming
Entertainment
Religion
Holiday
For Kids
Quiz Lab
Recent
Popular Today
Quiz Kudos Today
Editor Picks
Curator Picks
Quizzes by...
Day
Popularity
Type
Ratings
Length
Year
Community
Subscriptions
Recent Discussions
Orange Saloon
Badges
Playlists
Quests
Create
Leaderboards
Showdown
Live 5
Trivia Bingo
Activity
Puzzle Library
Sporcle Events
Private Events
Virtual Trivia
Globe League
Become a Host
Pub Owners
SporcleCon
Opinionation
Our Games
Videos
Blog
Mobile Apps
Partnerships
Remove Ads and Go Orange
Feedback
Music
Pop Music
The Beatles
Song
Album
Lyrics
Bands
Singers
Artist
Clip
Rock
Rap
Classical
Billboard
Country Music
Kpop
Taylor Swift
Music
Pop Music
The Beatles
Song
Album
Lyrics
Bands
Singers
Artist
Clip
Rock
Rap
Classical
Billboard
Country Music
Kpop
Taylor Swift
Random Quiz
Search Sporcle
×
Quiz Lab
Quiz Lab
Music
Rock
Type in answers that appear in a list
Type in answers that appear in a list
Classic
Best Score? Go Orange.
Led Zeppelin - Thank You Stats
Can you name the lyrics to Led Zeppelin's Thank You?
By
Lenny_Laserdisc
10m
147 Questions
336 Plays
336 Plays
336 Plays
Comments
Comments
Give Quiz Kudos
Give Quiz Kudos
-
- Ratings
hide this ad
Replay
Link that replays current quiz
Next Quiz
Link to next quiz in quiz playlist
You Got
0%
They Got
Avg Score
87%
Avg Friend Score
Upgrade to see
Score Distribution
Jump to the score distribution portion of the page
Score
0/147
Timer
10:00
0
Plays Today
Lyric
% Correct
I
99.4%
you
99.4%
you
99.4%
I
99.4%
you
99.4%
you
99.4%
you
99.4%
you
99.4%
you
99.4%
I
99.4%
you
99.4%
you
99.4%
the
97.9%
the
97.9%
the
97.9%
the
97.9%
the
97.9%
the
97.9%
the
97.9%
the
97.9%
to
97.6%
to
97.6%
to
97.6%
to
97.6%
to
97.6%
to
97.6%
to
97.6%
be
97.3%
be
97.3%
be
97.3%
be
97.3%
be
97.3%
be
97.3%
me
96.1%
me,
96.1%
me
96.1%
me
96.1%
If
95.8%
and
95.8%
And
95.8%
If
95.8%
and
95.8%
will
95.5%
will
95.5%
An
95.5%
will
95.5%
loving
94.9%
loving
94.9%
still
94.6%
Lyric
% Correct
still
94.6%
still
94.6%
still
94.6%
sun
93.8%
would
93.8%
sea,
93.8%
sun
93.8%
would
93.8%
sea,
93.8%
there
93.5%
shine,
93.5%
there
93.5%
my
93.5%
My
93.5%
there
93.5%
My,
93.5%
my,
93.5%
my
93.5%
my
93.5%
shine,
93.5%
mountains
93.2%
mountains
93.2%
love
92.6%
no
92.6%
no
92.6%
crumble
92.3%
crumble
92.3%
refused
91.7%
refused
91.7%
of
91.4%
of
91.4%
of
91.4%
When
90.5%
is
90.5%
is
90.5%
is
90.5%
When
90.5%
in
89.9%
in
89.9%
give
89.3%
we
88.4%
we
88.4%
we
88.4%
woman,
86.9%
woman,
86.9%
more
86.9%
more
86.9%
go
86%
Little
85.4%
Lyric
% Correct
are
85.4%
are
85.4%
nothing
85.1%
rain
84.8%
drops
83.6%
what
83.6%
Kind
81.3%
all,
81.3%
kind
81.3%
one
80.4%
only
79.8%
by
78.9%
it
78.9%
it
78.9%
days
78.3%
gone
78.3%
Together
78%
pain,
77.7%
your
77.1%
until
76.5%
strong,
75.9%
for
75.9%
die
75.6%
wrong
75%
whisper
74.4%
tears
74.4%
with
74.4%
walk
74.4%
inspiration
73.5%
inspiration,
73.5%
mine
73.5%
hand
73.2%
shall
70.5%
so
70.2%
miles
69.9%
Thanks
67.9%
Happiness,
66.7%
happiness
66.7%
lost
66.4%
sad,
65.8%
I'm
65.5%
done,
64.3%
world
64%
today
62.8%
see
62.5%
loves
59.5%
smiles,
58.9%
glad
56.3%
look...
50%
Quiz Playlist
Details
Report
Send in Message
Add To Playlist
Classic:
Type in answers that appear in a list
Quiz Source
Last Updated: Feb 16, 2017
Quiz Scoreboard
CHALLENGE
Sign Up to Join the Scoreboard
Show All
Scores
Hide
Comments
May contain spoilers
Recently Published
College Basketball Coaching Resumes
by pancakes188
Sports
9m
Billboard Blitz: Fleetwood Mac
by CooCooCachoo
Music
15s
Presidents Visiting Landmarks
by Hejman
History
7m
More to Explore
Quiz From the Vault
Featured Blog Post
Where Did the Easter Bunny Come From?
hide this ad
You Might Also Like...
Tags
Rock Quiz
Classic Rock
Hard Rock
Led Zeppelin
Rock Songs
Rock Tracks
Today's Top Quizzes in Music
Browse Music
hide this ad
Today's Top Quizzes in Rock
Browse Rock
Top Contributed Quizzes in Music
1
Taylor Swift All Songs (2024)
2
Guess the Artist- 70s Songs
3
7-to-1: Billboard Hot 100 #1 Hits of 2010s
4
Sorting Albums and Songs
5
Taylor Swift Logic Puzzle
6
KPOP LOGIC QUIZ
7
One Thing in Common: Music
8
Guess the Taylor Swift song (Mystery Song)
9
2010s Album by Cover III
10
Guess The Taylor Swift Lyrics Song #1
Explore More
Trending Topics
Kpop
Harry Potter
Disney
Crossword
Anime
Marvel
NBA
WWE
Country
Soccer
Song
Puzzle
The Office
NFL
Pokémon
hide this ad
More By:
Lenny_Laserdisc
Quiz
Plays
Rating
Category
Featured
Created
Countries of South America Clickable Map
12,277
3.09
Geography
Nov 10, 2015
The Waitresses - Christmas Wrapping Lyrics
1,159
4.14
Music
Dec 28, 2016
Eminem Clicky-Oke: My Name Is
1,029
4.00
Music
Nov 21, 2016
Limp Bizkit - Rollin' Lyrics
1,024
4.57
Music
Aug 9, 2016
Radiohead - The Pyramid Song
704
4.30
Music
Aug 19, 2014
Go to Creator's Profile
Score Distribution
Quiz Creator Spotlight
Lenny_Laserdisc
Follow
Send a Message
Quizzes Created
-
Created Quiz Play Count
-
More By This Creator
Popular Quizzes Today
1
Find the US States - No Outlines Minefield
2
Find the Countries of Europe - No Outlines Minefield
3
The Countries of the World
4
Find the US States
5
Risky Map Clicking: Biggest States A-Z
6
US States
7
Popular People in 1961
8
Movies - When Are They Set?
More Music Quizzes
The Lakes - Taylor Swift lyrics
Quiz Lab
Trending Quizzes
Risky Map Clicking: Least Populous States A-Z
1-10 Letter G Words
1-10 Letter F Words
Risky Map Clicking: Next State Alphabetically
Risky Map Clicking: Biggest States A-Z
Recently Updated
Leaping Animals
pecheneg
Reality TV Shows (A-Z)
bhenderson79
Rickey Henderson's Hall of Fame Teammates
pecheneg
Champions League XIs: Arsenal
pecheneg
Quick Pick: Celebrities in WWE's Hall of Fame
aduchscher
A-Z Keypad Blitz II
pecheneg
Multiple Oscar Actors
pecheneg
Mystery Phrase Blitz: Oscar 'Best Actors'
pecheneg
F. Scott Fitzgerald Novels
LTH
Pick 3 Villains
ddd62291
Trending Topics
Disney
Anime
Marvel
Crossword
Harry Potter
NBA
Kpop
NFL
Pokémon
Country
The Office
WWE
Soccer
Puzzle
Song
Your Account Isn't Verified!
In order to create a playlist on Sporcle, you need to verify the email address you used during registration. Go to your
Sporcle Settings
to finish the process.
Report this User
Report this user for behavior that violates our
Community Guidelines
.
Details:
Send Report
Go to the Sporcle.com Mobile Site →
Comments